000 00971nmc a2200337 a 4500
003 AR-BaBNM
005 20251128211025.0
008 112020s2002 ||||||||||||||000 | spa||
020 _a84-7112-452-1
040 _cAR-BaBNM
100 1 _aBrockbank, Anne
245 1 0 _aAprendizaje reflexivo en la educación superior
260 _aMadrid
_bEdiciones Morata
_c2002
300 0 _a311 p.
490 0 _aPedagogía. Manuales
500 0 _aTraducción de Pablo Manzano
500 0 _aContiene índice de autores y materias
504 _aContiene referencias bibliográficas p. 294-302
650 4 _aTEORIAS DEL APRENDIZAJE
650 4 _aDIALOGO
650 4 _aROL DEL DOCENTE
650 4 _aAPRENDIZAJE ACTIVO
650 4 _aUNIVERSIDADES
650 4 _aCONSEJEROS PEDAGOGICOS
653 0 _aEDUCACION SUPERIOR
653 0 _aREFLEXION SOBRE LA PRACTICA
700 1 _aMcGill, Ian
700 1 _aManzano, Pablo
_etraductor
942 _cBK
998 _craquel
999 _c17935
_d17935